LEADER 00661naa a2200145 i 4500 001 000000328209 003 CaOOAMICUS 005 20180831173556.0 008 180831n it u000 u ita u 013 $a39818 040 $aSeMil$bita 245 12$aI ministeri in riferimento ai fedeli laici e alla loro partecipazione alla vita della chiesa. 650 4$aLaici - Ministeri.$0(OLS)http://semarc/subject/18521 773 0 $aAnzani, Giuseppe$tLaici verso il terzo millennio.$dRoma : Cittą Nuova, 1989.$z88-311-7247-6$gp.201-208$w()117558 996 $6245$aI ministeri in riferimento ai fedeli laici e alla loro partecipazione alla vita della chiesa$9(OLS)http://semarc/title/416803 LEADER 00920nam a2200253 i 4500 001 000000000529 003 CaOOAMICUS 005 20230301154259.0 008 180830s1978 xx u000 u und u 040 $aSeMil$bita 245 00$aAntologia Palatina /$ca cura di Filippo Maria Pontani. 260 $aTorino :$bEinaudi,$c1978-1981. 300 $a4 v. ;$c22 cm. 546 $aTesto greco a fronte 650 4$aPoesia greca antica.$0(OLS)http://semarc/subject/9340 700 1 $aPontani, Filippo Maria.$0(OLS)http://semarc/name/374 774 0 $tLibri 1.-6.$kMillenni$g1$w()48312 774 0 $tLibri 7.-8.$kMillenni$g2$w()178132 774 0 $tLibri 9.-11.$kMillenni$g3$w()178133 774 0 $tLibri 12.-16.$kMillenni$g4$w()178134 941 1 $a1 996 $6245$aAntologia Palatina$9(OLS)http://semarc/title/716 996 $6260$aTorino :$bEinaudi$9(OLS)http://semarc/publisher/29884 LEADER 01090nam a2200265 i 4500 001 000000047781 003 CaOOAMICUS 005 20110823000000.0 008 110823s1990 it u000 u ita u 013 $a18951 020 $a88-17-84016-5 040 $aSeMil$bita 100 1 $aMarzotto Doria de Zuliani, Mariolina.$0(OLS)http://semarc/name/23736 245 10$aCostretti a fucilarvi /$cMariolina Doria de Zuliani ; prefazione di Giancarlo Vigorelli. 260 $aMilano :$bRizzoli,$ccopyr. 1990. 300 $aXII, 213 p., [16] p. di tav. ;$c23 cm. 500 $aFondo Conti. 650 4$aRussia - Storia - Sec. 20.$0(OLS)http://semarc/subject/2386 700 1 $aVigorelli, Giancarlo,$d<1913-2005>.$0(OLS)http://semarc/name/6323 850 $aSeMil 852 $aSeMil$W1$xVenegono$y1$m3V II 212$j13936$B13936$CSeMilBibl$Z2$F13936 $81 961 $aOmaggio: Conti Franco 996 $6020$a88-17-84016-5$9(OLS)http://semarc/number/20592 996 $6245$aCostretti a fucilarvi$9(OLS)http://semarc/title/72124 996 $6260$aMilano :$bRizzoli$9(OLS)http://semarc/publisher/29824 LEADER 00443nab a2200133 i 4500 001 000000312414 003 CaOOAMICUS 005 20180831173051.0 008 180831n xx uu u0 0und r 013 $a21506 040 $aSeMil$bita 245 12$aL?intervento dei Governi nelle elezioni dei Papi. 773 0 $t[Settembre-Dicembre].$g143-163, 440-45$w()274206 996 $6245$aL?intervento dei Governi nelle elezioni dei Papi$9(OLS)http://semarc/title/386803